000 00903nas a2200253 4500
001 BR0705024
003 BR-BrBNA
005 20231205111129.0
007 ta
008 230509b bl.|||p| |||| 00| 00por d
040 _aBR-BrBNA
_bpor
_cBiblioteca Nacional de Agricultura
041 _a(Pt)
072 _aH10; L72
100 1 _aFoerster, L.A.
100 1 _aDoetzer, A.K.
100 1 _aAvanci, M.R.F.
245 1 _aCapacidade reprodutiva e longevidade de Glyptapanteles muesebecki (Blanchard)(Hymenoptera: Braconidae)parasitando largatas de Pseudaletia sequax Franclemont (lepodoptera:noctuidae)
650 _aPRAGA DE PLANTA
650 _aLARGATA
650 _aINSETO PARA CONTROLE BIOLOGICO
773 0 _tAnais da sociedade Entomológica do Brasil (Brazil)
_xISSN 0301-8059
_g(Sep 1999), v. 28(3) p. 485-490
_wBR0705024
909 _a202311
_bLúcia
_c55
_dLúcia Elande
942 _2AGRIS
_n0
_cANA
999 _c190845
_d190845